<?xml version="1.0" encoding="UTF-8"?>
<collection xmlns="http://www.loc.gov/MARC21/slim">
  <record>
    <leader>00000nam  2200000   4500</leader>
    <controlfield tag="001">INLIS000000000000449</controlfield>
    <controlfield tag="005">20180724135014</controlfield>
    <controlfield tag="008">180724|||||||||   |   |||   |||| ||   | </controlfield>
    <datafield tag="035" ind1=" " ind2=" ">
      <subfield code="0">010-0718000449</subfield>
    </datafield>
    <datafield tag="041" ind1=" " ind2=" ">
      <subfield code="a">id</subfield>
    </datafield>
    <datafield tag="082" ind1=" " ind2=" ">
      <subfield code="a">011</subfield>
    </datafield>
    <datafield tag="090" ind1=" " ind2=" ">
      <subfield code="a">R 011 PIM I  2013</subfield>
    </datafield>
    <datafield tag="100" ind1=" " ind2=" ">
      <subfield code="a">Rusmadi</subfield>
    </datafield>
    <datafield tag="245" ind1=" " ind2=" ">
      <subfield code="a">Pengembangan sistem evaluasi dan pengawasan penyerapan anggaran secara on-line dalam rangka mewujudkan tata kelola pemerintahan yang baik.</subfield>
    </datafield>
    <datafield tag="260" ind1=" " ind2=" ">
      <subfield code="a">Jakarta</subfield>
      <subfield code="b">Lembaga Administrasi Negara</subfield>
      <subfield code="c">2013</subfield>
    </datafield>
    <datafield tag="300" ind1=" " ind2=" ">
      <subfield code="a">40 hlm. ; 30 cm.</subfield>
    </datafield>
    <datafield tag="500" ind1=" " ind2=" ">
      <subfield code="a">Instrumen Evaluasi dan Pengawasan Penyerapan Anggaran Pembangunan (SIMON TEPPA) yang bersifat on-line dan dapat diakses public menjadi sangat penting sebagai alat kendali pembangunan dan sekaligus memacu kinerja birokrat agar selalu mengedepankan kepentingan pelayanan publik.  &#13;
SIMON TEPPA sebagai instrument monitoring dan evaluasi pembangunan dapat menjadi early warning system bagi pimpinan baik Gubernur/Bupati/Walikota, pimpinan SKPD untuk memastikan proses atau pelaksanaan pembangunan sesuai dengan yang diharapkan.  SIMON TEPPA juga dapat memberikan informasi tentang kinerja organisasi dan kinerja aparatur.  Dalam pelaksanaan proyek perubahan, terbangunnya pola pikir dan budaya kerja individu dan unit kerja/SKPD menjadi faktor kunci utama dari area perubahan proyek lainnya.</subfield>
    </datafield>
    <datafield tag="650" ind1=" " ind2=" ">
      <subfield code="a">Pengawasan Anggaran</subfield>
    </datafield>
  </record>
</collection>
